000 00986nam a2200181Ia 4500
008 151202s9999||||xx |||||||||||||| ||und||
082 _bPNVM-79898
100 _aचांदोरकर स्वाती.
245 _aपवित्रम-अंत्येष्टी कार्याचा अनोखा पैलू उलगडणारी कादंबरी.
260 _b"मेहता पब्लिशिंग हाऊस,पुणे."
260 _c2013
300 _a200
600 _aचांदोरकर स्वाती.
630 _aपवित्रम-अंत्येष्टी कार्याचा अनोखा पैलू उलगडणारी कादंबरी.
700 _aचांदोरकर स्वाती.
730 _aपवित्रम-अंत्येष्टी कार्याचा अनोखा पैलू उलगडणारी कादंबरी.
942 _cBOOK
999 _c1344507
_d1344504